00335nam a2200133Ia 4500008004100000082002100041100002000062245003500082250000600117260003300123300000900156500002400165650001200189230524s9999 xx 000 0 und d a620.0042503bSRI aR.K. Srivastava 0aComputer Aided Design Lab Work a1 aNew DelhibUmesh Publication a92p; aQuantity Number: 1 aComp-Sc